00859nam a22002297a 45000050016000000100014000160200027000300350013000570370013000700820012000832450131000952600038002262700061002643000028003255000019003536500027003727000031003997000027004309420026004579990017004839520129005002010080306446.0 aENG-97926 a9788178311845c1200.00 aEN-81459 bDBAD/PUB a306.466 aMulticulturalism : cedited by Christopher Sam Raj [and] Marie Mc AndrewbPublic polic and problem areas in Canada and India / aNew DelhibManak Pubcationsc2009 aB-7, Saraswati Complex, Subhash ChowkbNew Delhie110092 axvi, 345 p. c25cm (Hb) aIncludes index aMulticulturalism95487 94162aChristopher Sam Raj  aAndrew, Marie Mc95488 2ddccENh306.466mMUL c39055d39055 001040718NFICaDBADbDBADd2010-08-03g1200.00l0o306.466 MULpEN-81459r2010-08-03 00:00:00t1v1200.00w2010-08-03yEN